El nuevo municipio: Informe Antrópolis (Record no. 1405)

MARC details
000 -LEADER
campo de control de longitud fija 00458nam a2200133 4500
008 - DATOS DE LONGITUD FIJA--INFORMACIÓN GENERAL
campo de control de longitud fija 708 D811n
020 ## - NÚMERO INTERNACIONAL ESTÁNDAR DEL LIBRO
Número Internacional Estándar del Libro 9789872923457
082 ## - NÚMERO DE LA CLASIFICACIÓN DECIMAL DEWEY
Número de ítem 708
Número de edición D811n
100 ## - ENTRADA PRINCIPAL--NOMBRE DE PERSONA
Nombre de persona D`Angiolillo, Julián
9 (RLIN) 6195
245 ## - MENCIÓN DEL TÍTULO
Título El nuevo municipio: Informe Antrópolis
260 ## - PUBLICACIÓN, DISTRIBUCIÓN, ETC.
Lugar de publicación, distribución, etc. Buenos Aires
Nombre del editor, distribuidor, etc. Big Sur
-- Tecnópolis
-- El nuevo Municipio
Fecha de publicación, distribución, etc. 2011
300 ## - DESCRIPCIÓN FÍSICA
Extensión 97 p.
Otras características físicas ill (col)
Dimensiones 23 x 17 cm.
650 ## - PUNTO DE ACCESO ADICIONAL DE MATERIA--TÉRMINO DE MATERIA
Subdivisión general exhibiciones
-- Argentina
-- Transformación del espacio
-- exhibiciones al aire libre
9 (RLIN) 6196
Holdings
Estatus retirado Estado de pérdida Fuente del sistema de clasificación o colocación Estado de daño No para préstamo Biblioteca de origen Biblioteca actual Ubicación en estantería Fecha de adquisición Total de préstamos Signatura topográfica completa Código de barras Visto por última vez Precio de reemplazo Tipo de ítem Koha
    Clasificación Decimal Dewey     Biblioteca LadoV Biblioteca LadoV   15/03/2018   708 D811n 004330 15/03/2018 15/03/2018 Material 01